Statistiques concernant Personnages de la famille pirate par images

Cliquez ici pour prendre le quiz!

Statistiques générales

  • Ce quiz a été pris 52 fois
  • Le résultat moyen est 7 sur 12

Statistiques - réponses

Réponse% Correct
Bigorneau MacBernik
97%
Victor MacBernik
87%
Sakamain
82%
Mâchicoulis
69%
Scampi MacBernik
69%
La Sardine
67%
Lucile MacBernik
54%
Irvin Lerequin
46%
Hercule Lerequin
28%
Pénélope Lerequin
28%
Docteur Spratt
21%
Rose-Marie et Marie-Rose Lerequin
18%

Distribution des résultats

Percentile par nombre de réponses

% des personnes avec chaque résultat

Votre développement - résultats

Vous n’avez pas pris ce quiz